00592nam a2200169Ia 4500008004100000041001200041082001600053100001700069245006900086260003600155300000800191650001400199700002000213942000700233999001300240952016900253221030s9999 xx 000 0 und d aEnglish a105.23bZut aR. K. Zutshi 0aElementary Inorganic Chemistrycby R. K. Zutshi, Gulam Ahmad Mir bKapoor BrothersaSrinagarc1965 a309 aChemistry aGulam Ahmad Mir cBK c353d353 pBE 82g183.00l0o105.23 Zutr2024-06-13 00:00:00w2022-10-30yBK003Print4070aMIETLIBbMIETLIBcBL-Academic Block C, FL-2, CUP-19, SH-1, R-1d1998-10-3010HBE